The policy process in the modern state / (Record no. 1304)
[ view plain ]
| 000 -LEADER | |
|---|---|
| fixed length control field | 01155cam a2200289 a 4500 |
| 001 - CONTROL NUMBER | |
| control field | 3527398 |
| 003 - CONTROL NUMBER IDENTIFIER | |
| control field | GZU |
| 005 - DATE AND TIME OF LATEST TRANSACTION | |
| control field | 20201006104551.0 |
| 008 - FIXED-LENGTH DATA ELEMENTS--GENERAL INFORMATION | |
| fixed length control field | 961121s1997 enka b 001 0 eng |
| 010 ## - LIBRARY OF CONGRESS CONTROL NUMBER | |
| LC control number | 96051506 |
| 020 ## - INTERNATIONAL STANDARD BOOK NUMBER | |
| International Standard Book Number | 0132692260 |
| 040 ## - CATALOGING SOURCE | |
| Original cataloging agency | DLC |
| Transcribing agency | DLC |
| Modifying agency | DLC |
| 050 00 - LIBRARY OF CONGRESS CALL NUMBER | |
| Classification number | H97 |
| Item number | .HIL 1997 |
| 100 1# - MAIN ENTRY--PERSONAL NAME | |
| Personal name | Hill, Michael J. |
| Fuller form of name | (Michael James), |
| Dates associated with a name | 1937- |
| Relator term | author |
| 245 14 - TITLE STATEMENT | |
| Title | The policy process in the modern state / |
| Statement of responsibility, etc. | Michael Hill. |
| 250 ## - EDITION STATEMENT | |
| Edition statement | 3rd ed. |
| 260 ## - PUBLICATION, DISTRIBUTION, ETC. | |
| Place of publication, distribution, etc. | London ; |
| -- | New York : |
| Name of publisher, distributor, etc. | Prentice Hall / Harvester Wheatsheaf, |
| Date of publication, distribution, etc. | 1997. |
| 300 ## - PHYSICAL DESCRIPTION | |
| Extent | xi, 254 p. : |
| Other physical details | ill. ; |
| Dimensions | 22 cm. |
| 500 ## - GENERAL NOTE | |
| General note | Rev. ed. of: The policy process in the modern capitalist state / Christopher Ham, Michael Hill. 2nd ed. c1993. |
| 504 ## - BIBLIOGRAPHY, ETC. NOTE | |
| Bibliography, etc. note | Includes bibliographical references (p. 232-250) and index. |
| 650 #0 - SUBJECT ADDED ENTRY--TOPICAL TERM | |
| Topical term or geographic name entry element | Policy sciences. |
| 650 #0 - SUBJECT ADDED ENTRY--TOPICAL TERM | |
| Topical term or geographic name entry element | Bureaucracy. |
| 700 1# - ADDED ENTRY--PERSONAL NAME | |
| Personal name | Ham, Christopher. |
| Title of a work | Policy process in the modern capitalist state. |
| 906 ## - LOCAL DATA ELEMENT F, LDF (RLIN) | |
| a | 7 |
| b | cbc |
| c | orignew |
| d | 1 |
| e | ocip |
| f | 19 |
| g | y-gencatlg |
| 942 ## - ADDED ENTRY ELEMENTS (KOHA) | |
| Source of classification or shelving scheme | Library of Congress Classification |
| Koha item type | Books |
| Edition | 3rd ed. |
| Classification part | 97 |
| Item part | HIL |
| Call number prefix | H |
| Withdrawn status | Lost status | Source of classification or shelving scheme | Damaged status | Not for loan | Collection code | Home library | Current library | Shelving location | Date acquired | Source of acquisition | Total Checkouts | Full call number | Barcode | Date last seen | Copy number | Price effective from | Koha item type |
|---|---|---|---|---|---|---|---|---|---|---|---|---|---|---|---|---|---|
| Library of Congress Classification | Non-fiction | City Campus Library | City Campus Library | General Stacks | 10/07/2002 | University of Zimbabwe | H97 HIL 1997 | B017426 | 10/06/2020 | c. 1 | 10/06/2020 | Books |